00554nam a2200205 a 4500001001300000003000900013005001700022008004100039020002200080082001800102100001900120245006200139260003700201300000900238500003500247505001000282650001400292650002300306700001900329nice12345678IN_TiNIC20260116013207.0050524s1989 newa grp 000 0 eng  a0940670 c4900a956.9405bWHI aWhite, Patrick aLet Us Be Freeb Narrative Before and During the Intifada aNew JerseybKingston Pressc1989 a134p aincludes index and biblioraphy2 aIndex aPalestine aIntifada-Palestine1 aWhite, Patrick